000 00448nam a2200181Ia 4500
005 20231117112048.0
008 131103s9999 xx 000 0 und d
040 _aLoreto College
041 _aEnglish
082 _aF
_bTHA
100 _aTharoor,Shashi
245 4 _aThe great Indian novel
_cShashi Tharoor
260 _aNew Delhi
_bPenguin Books
_c1989
300 _a423 p.
650 _aFiction in English
850 _aLCLIB
942 _cBK
999 _c14119
_d64598